Giáo trình kế toán kinh doanh du lịch - khách sạn (Dùng trong các trường THCN)

Nội dung tài liệu được bố cục làm 8 chương, phản ánh tổng quát toàn bộ quá trình hạch toán kế toán các nghiệp vụ kinh doanh chủ yếu trong đơn vị kinh doanh du lịch - khách sạn từ lí luận cơ bản đến hạch toán các nghiệp vụ cụ thể kèm theo ca...

Cur síos iomlán

Đã lưu trong:
Sonraí Bibleagrafaíochta
Príomhúdar: Phan, Thị Thanh Hà
Formáid: Leabhar
Teanga:Undetermined
Foilsithe: Hà Nội Nhà xuất bản Hà Nội 2006
Ábhair:
Clibeanna: Cuir Clib Leis
Gan Chlibeanna, Bí ar an gcéad duine leis an taifead seo a chlibeáil!
Thư viện lưu trữ: Trung tâm Học liệu Trường Đại học Cần Thơ
LEADER 01115nam a2200229Ia 4500
001 CTU_122163
008 210402s9999 xx 000 0 und d
020 |c 34500 
082 |a 657.4 
082 |b H100 
100 |a Phan, Thị Thanh Hà 
245 0 |a Giáo trình kế toán kinh doanh du lịch - khách sạn 
245 0 |b (Dùng trong các trường THCN) 
245 0 |c Phan Thị Thanh Hà 
260 |a Hà Nội 
260 |b Nhà xuất bản Hà Nội 
260 |c 2006 
520 |a Nội dung tài liệu được bố cục làm 8 chương, phản ánh tổng quát toàn bộ quá trình hạch toán kế toán các nghiệp vụ kinh doanh chủ yếu trong đơn vị kinh doanh du lịch - khách sạn từ lí luận cơ bản đến hạch toán các nghiệp vụ cụ thể kèm theo các ví dụ minh hoạ để người học dễ liên hệ với thực tiễn. 
650 |a Business 
650 |x Accounting 
904 |i Minh 
980 |a Trung tâm Học liệu Trường Đại học Cần Thơ